|
|
|
|
| LEADER |
00000nab a2200000 a 4500 |
| 001 |
vtls000628420 |
| 003 |
SK-MaSNL |
| 005 |
20260304091557.0 |
| 008 |
250425c1997 xo 0 slo |
| 015 |
|
|
|a SNBRB19rr/mm-uuuuu
|
| 035 |
|
|
|a CL0628559
|
| 035 |
|
|
|a urn:nbn:sk:snk-ab727y
|
| 035 |
|
|
|a (uuid)700616bc-f1e6-4628-b120-cbc11da9ab6c
|
| 035 |
|
|
|a (urnnbn)urn:nbn:sk:snk:ar-a06phs
|
| 035 |
|
|
|a (sysno)vtls000628420
|
| 040 |
|
|
|a SNKBUCL
|b slo
|c SNKBUCL
|e AACR2
|
| 041 |
0 |
|
|a slo
|
| 044 |
|
|
|a xo
|c SK
|
| 080 |
|
|
|a 349.22:347.95
|2 1981
|
| 080 |
|
|
|a 347.95
|2 1981
|
| 245 |
0 |
0 |
|a Zrušenie pracovného pomeru v skúšobnej dobe a súhlas príslušnéhho orgánu štátnej správy
|
| 650 |
0 |
7 |
|a pracovné právo
|2 snkbucl
|9 982
|
| 650 |
0 |
7 |
|a skončenie pracovného pomeru
|2 snkbucl
|9 202865
|
| 655 |
|
7 |
|a články z novín a časopisov
|2 snkbucl
|9 267496
|
| 773 |
0 |
|
|t Zo súdnej praxe
|g Roč. 2, č. 3 (1997), s. 63-64
|x 0046-385X
|
| 850 |
|
|
|a Slovenská národná knižnica
|
| 852 |
|
|
|a Slovenská národná knižnica
|
| 954 |
|
|
|a odborná, vedecká literatúra pôvodná (slovenská)
|2 lita
|
| 958 |
|
|
|a article27
|
| 958 |
|
|
|a RK
|
| 958 |
|
|
|a OND
|
| 958 |
|
|
|a EUIPO
|
| 992 |
|
|
|a RBX
|
| 999 |
|
|
|c 2815913
|d 2817843
|